Statistics for Jethro Tull Discography

Click here to take the quiz!

General Stats

  • This quiz has been taken 37 times
  • The average score is 30 of 63

Answer Stats

Type Year Name % Correct
Album1980A
100%
Album1971Aqualung
100%
Album1972Thick as a Brick
92%
Album1969Stand Up
77%
Album1978Heavy Horses
73%
Album1970Benefit
73%
Album1999J-Tull Dot Com
73%
Album1973A Passion Play
73%
Album1974War Child
73%
Album1968This Was
69%
Album1987Crest of a Knave
69%
Album1984Under Wraps
69%
Album1982The Broadsword and the Beast
69%
Album1991Catfish Rising
69%
Album1977Songs from the Wood
69%
Album1979Stormwatch
65%
Album1995Roots to Branches
65%
Album1976Too Old to Rock 'n' Roll: Too Young to Die!
65%
Compilation1972Living in the Past
65%
Album1975Minstrel in the Gallery
65%
Album1989Rock Island
62%
Holiday Album2003The Jethro Tull Christmas Album
58%
Compilation1976M.U. - The Best of Jethro Tull
58%
Compilation1977Repeat - The Best of Jethro Tull - Vol II
50%
Compilation1993The Best of Jethro Tull - The Anniversary Collection
50%
Compilation2001The Very Best of Jethro Tull
50%
Live Album1978Bursting Out
50%
Compilation2007The Best of Acoustic Jethro Tull
50%
Live Album2004Nothing Is Easy: Live at the Isle of Wight 1970
42%
Compilation1993Nightcap
42%
EP1971Life Is a Long Song / Up the Pool / Dr. Bogenbroom / For Later / Nursie
38%
Box Set198820 Years of Jethro Tull
38%
Live Album1992A Little Light Music
38%
Live Album2007Live at Montreux 2003
38%
EP1976Ring Out, Solstice Bells / March, the Mad Scientist / Christmas Song / Pan Dance
38%
Live Album2009Live at Madison Square Garden 1978
38%
Live Album2005Aqualung Live
38%
Live Album2002Living with the Past
35%
Live Album1995In Concert
35%
Video Album1981Slipstream
35%
EP1979Home / King Henry's Madrigal / Warm Sporran / Solstice Bells
35%
Live Album1990Live at Hammersmith '84
35%
Compilation1985Original Masters
35%
Compilation198820 Years of Jethro Tull: Highlights
31%
Video Album2008Jack in the Green: Live in Germany 1970-1993
27%
Video Album2013Around the World Live
27%
Compilation2011Jethro Tull Essential
27%
Video Album2009Classic Artists: Jethro Tull - Their Fully Authorized Story
27%
Compilation1998Through the Years
27%
Live Album2015Live at Carnegie Hall 1970
27%
Box Set199325th Anniversary Box Set
27%
Video Album2003A New Day Yesterday
23%
Holiday EP2004The Christmas EP
19%
Compilation2003The Essential Jethro Tull
19%
Video Album2009Live at AVO Session Basel
15%
Compilation201210 Great Songs
15%
Video Album2007Jethro Tull Box
12%
Video Album199425h Anniversary Video
8%

Score Distribution

Percentile by Number Answered

Percent of People with Each Score

Your Score History

You have not taken this quiz